the 1 by taylor swift - Statistics

General Stats
  • This quiz has been taken 165 times
  • The average score is 267 of 305
Answer Stats
Answer % Correct
I
100%
on
100%
be
99%
Been
99%
been
99%
by
99%
so
99%
some
99%
the
99%
you
99%
You
99%
I'm
98%
in
98%
In
98%
if
97%
If
97%
It
97%
it
97%
no
97%
of
97%
one
97%
Would
97%
fun
96%
good
96%
me
96%
new
96%
doing
95%
instead
95%
saying
95%
shit
95%
though
95%
would've
94%
yes
94%
And
93%
and
93%
my
93%
we
93%
We
93%
don't
92%
saw
92%
were
92%
didn't
91%
have
91%
something
91%
at
90%
bus
90%
think
90%
thought
90%
had
89%
to
89%
all
88%
But
88%
stop
88%
know
86%
never
86%
came
85%
could've
85%
now
85%
pool
85%
time
85%
true
85%
wishes
85%
her
84%
your
84%
greatest
83%
none
83%
different
82%
home
82%
made
82%
pennies
82%
take
82%
thing
82%
alone
81%
over
81%
sweet
81%
woman
81%
are
80%
ask
80%
defense
80%
grow
80%
internet
79%
it's
79%
loves
79%
meet
79%
you're
79%
baby
78%
tossing
78%
everything
77%
gonna
77%
today
77%
another
76%
family
76%
films
76%
numbers
76%
own
76%
count
75%
making
75%
up
75%
alright
73%
bleed
73%
day
73%
resist
73%
cool
72%
should've
72%
Sunday
72%
waking
72%
guess
71%
really
71%
temptation
71%
wanted
71%
well
71%
chosen
70%
Having
70%
Roaring
70%
adventures
69%
night
69%
twenties
69%
dream
68%
this
68%
enough
67%
persist
67%
each
66%
hit
66%
leaving
66%
with
66%
painted
65%
ground
63%
For
61%
running
60%
matinée
59%
showed
59%
digging
53%
grave
51%
Rosé
46%
flowing
39%
No matching quizzes found
Score Distribution
Percent of People with Each Score
Percentile by Number Answered
Your Score History
You have not taken this quiz